<?xml version="1.0" encoding="UTF-8"?>
<record
    xmlns:xsi="http://www.w3.org/2001/XMLSchema-instance"
    xsi:schemaLocation="http://www.loc.gov/MARC21/slim http://www.loc.gov/standards/marcxml/schema/MARC21slim.xsd"
    xmlns="http://www.loc.gov/MARC21/slim">

  <leader>00636    a2200169   4500</leader>
  <controlfield tag="001">141137</controlfield>
  <datafield tag="040" ind1=" " ind2=" ">
    <subfield code="c">Leonardo Da Vinci</subfield>
  </datafield>
  <datafield tag="041" ind1=" " ind2=" ">
    <subfield code="a">Portugu&#xEA;s</subfield>
  </datafield>
  <datafield tag="082" ind1=" " ind2=" ">
    <subfield code="a">372.357 K84d</subfield>
    <subfield code="b">K84d</subfield>
  </datafield>
  <datafield tag="100" ind1=" " ind2=" ">
    <subfield code="a">KOFF, Ad&#xE9;lia Maria Nehme Sim&#xE3;o e</subfield>
    <subfield code="a">PEREIRA, Ely Schulz de Azevedo</subfield>
  </datafield>
  <datafield tag="245" ind1=" " ind2=" ">
    <subfield code="a">Discutindo a preserva&#xE7;&#xE3;o da vida</subfield>
    <subfield code="b">educa&#xE7;&#xE3;o ambiental; 5&#xAA; a 8&#xAA; s&#xE9;ries do 1&#xBA; grau</subfield>
  </datafield>
  <datafield tag="260" ind1=" " ind2=" ">
    <subfield code="b">Nova Fronteira</subfield>
    <subfield code="c">1989</subfield>
    <subfield code="a">Rio de Janeiro</subfield>
  </datafield>
  <datafield tag="300" ind1=" " ind2=" ">
    <subfield code="a">79</subfield>
  </datafield>
  <datafield tag="362" ind1=" " ind2=" ">
    <subfield code="a">19890000</subfield>
  </datafield>
  <datafield tag="697" ind1=" " ind2=" ">
    <subfield code="a">Ci&#xEA;ncia</subfield>
    <subfield code="a">Ecologia</subfield>
    <subfield code="a">Meio ambiente</subfield>
    <subfield code="a">Mundo animal</subfield>
    <subfield code="a">Energia</subfield>
    <subfield code="a">Combust&#xED;vel</subfield>
    <subfield code="a">Polui&#xE7;&#xE3;o</subfield>
    <subfield code="a">Vegeta&#xE7;&#xE3;o</subfield>
    <subfield code="a">Pantanal</subfield>
    <subfield code="a">Natureza</subfield>
    <subfield code="a">Ensino Fundamental 2. ciclo</subfield>
  </datafield>
  <datafield tag="942" ind1=" " ind2=" ">
    <subfield code="c">BK</subfield>
  </datafield>
  <datafield tag="952" ind1=" " ind2=" ">
    <subfield code="0">0</subfield>
    <subfield code="1">0</subfield>
    <subfield code="4">0</subfield>
    <subfield code="7">0</subfield>
    <subfield code="a">71.1</subfield>
    <subfield code="b">71.1</subfield>
    <subfield code="d">2024-03-27</subfield>
    <subfield code="l">0</subfield>
    <subfield code="o">372.357 K84d</subfield>
    <subfield code="p">O002128</subfield>
    <subfield code="r">2024-03-27 22:45:53</subfield>
    <subfield code="w">2024-03-27</subfield>
    <subfield code="y">BK</subfield>
  </datafield>
  <datafield tag="999" ind1=" " ind2=" ">
    <subfield code="c">141137</subfield>
    <subfield code="d">141137</subfield>
  </datafield>
</record>
